[Event "SR 3. liga A2 2011/2012"]
[Site "?"]
[Date "2011.10.30"]
[Round "2.4"]
[White "Brunovsky, Peter"]
[Black "Slaby, Jozef"]
[Result "0-1"]
[WhiteElo "1809"]
[BlackElo "1856"]
[PlyCount "120"]
[EventDate "2011.??.??"]

1. d4 d5 2. Nf3 Nf6 3. Bf4 e6 4. e3 Bd6 5. Bg5 Nbd7 6. Bd3 h6 7. Bh4 c5 8. c3
Qc7 9. Nbd2 b6 10. Rc1 Bb7 11. a3 Ne4 12. Qc2 Ndf6 13. Bb5+ Nd7 14. Bg3 O-O 15.
O-O Nxg3 16. hxg3 Nf6 17. Qb1 Rac8 18. Bd3 Qe7 19. Rfe1 cxd4 20. exd4 Rc7 21.
Ne5 a5 22. f4 Bxe5 23. Rxe5 Ng4 24. Re2 f5 25. Rce1 Bc8 26. Nf3 Qf6 27. Ne5
Nxe5 28. dxe5 Qd8 29. Rd2 Qe7 30. Be2 Qc5+ 31. Kh2 g5 32. Qd3 Rg7 33. Qd4 Rd8
34. b4 Qxd4 35. Rxd4 Rc7 36. c4 Bb7 37. Red1 Rdc8 38. cxd5 Bxd5 39. Bf3 Bxf3
40. Rd8+ Rxd8 41. Rxd8+ Kf7 42. gxf3 Rc3 43. bxa5 bxa5 44. fxg5 hxg5 45. f4
gxf4 46. gxf4 Rxa3 47. Ra8 a4 48. Ra7+ Ke8 49. Kg2 Kd8 50. Kh2 Ra2+ 51. Kg3 a3
52. Kh4 Rg2 53. Kh3 Rg4 54. Rxa3 Rxf4 55. Ra8+ Kd7 56. Ra7+ Kc6 57. Ra6+ Kd5
58. Ra5+ Ke4 59. Kg3 Rf1 60. Kg2 Rd1 0-1

[Event "SR 3. liga A2 2011/2012"]
[Site "?"]
[Date "2011.10.30"]
[Round "2.4"]
[White "Curidlo, Jan"]
[Black "Zajicek, Ferdinand"]
[Result "1-0"]
[WhiteElo "1851"]
[BlackElo "1860"]
[PlyCount "113"]
[EventDate "2011.??.??"]

1. e4 c5 2. Nf3 Nc6 3. d4 cxd4 4. Nxd4 Nf6 5. Nc3 d6 6. Bg5 e5 7. Nb3 Be7 8.
Bd3 O-O 9. h3 a6 10. Qd2 Be6 11. O-O b5 12. a3 Nh5 13. Be3 Bxb3 14. cxb3 h6 15.
Be2 Nf6 16. Bf3 Na5 17. Qd1 Rb8 18. Nd5 Nxd5 19. Qxd5 Bg5 20. Bxg5 hxg5 21.
Rfd1 Qe7 22. Bg4 Rfd8 23. Rac1 Qb7 24. Qd3 Nc6 25. Rc3 Nd4 26. Rdc1 d5 27. Rc7
dxe4 28. Qe3 Qd5 29. Qxg5 Qd6 30. R1c5 Qf6 31. Qxe5 Nxb3 32. Qxf6 gxf6 33. R5c6
Kg7 34. Rxa6 Nd4 35. Raa7 Rf8 36. Bh5 b4 37. a4 Kh6 38. Bxf7 Rbd8 39. Bc4 Rh8
40. Rd7 Nc6 41. Rxd8 Rxd8 42. Ra6 Ne5 43. Bf1 Kg5 44. Rb6 Rd4 45. a5 Nd3 46. a6
Rd7 47. Rb7 Rd8 48. a7 Ra8 49. b3 Ne5 50. Bb5 f5 51. g3 Nf3+ 52. Kg2 Ne1+ 53.
Kf1 Nf3 54. Rd7 f4 55. Bc6 fxg3 56. Bxa8 Nh2+ 57. Kg2 1-0

[Event "SR 3. liga A2 2011/2012"]
[Site "?"]
[Date "2011.10.30"]
[Round "2.4"]
[White "Papanek, Lubomir"]
[Black "Nedorost, Lubomir"]
[Result "1-0"]
[WhiteElo "1630"]
[BlackElo "1667"]
[PlyCount "55"]
[EventDate "2011.??.??"]

1. e4 c5 2. Nc3 Nc6 3. f4 d6 4. Nf3 Nf6 5. g3 Bg4 6. Bg2 Nd4 7. O-O g6 8. d3
Bg7 9. Ne2 Nxf3+ 10. Bxf3 Qd7 11. e5 Nh5 12. Nc3 Bxf3 13. Qxf3 f5 14. Re1 O-O
15. Qd5+ Kh8 16. d4 cxd4 17. Qxd4 b6 18. Qd5 Rac8 19. Be3 Rc6 20. Rad1 Rd8 21.
g4 fxg4 22. e6 Qc8 23. f5 Nf6 24. Qd3 gxf5 25. Qxf5 Rf8 26. Bd4 Rc4 27. Rd2 Ne8
28. Qxf8# 1-0

[Event "SR 3. liga A2 2011/2012"]
[Site "?"]
[Date "2011.10.30"]
[Round "2.5"]
[White "Merva, Frantisek"]
[Black "Kapusta, Petr"]
[Result "0-1"]
[WhiteElo "2047"]
[BlackElo "2158"]
[PlyCount "70"]
[EventDate "2011.??.??"]

1. d4 Nf6 2. Nf3 g6 3. c4 Bg7 4. g3 O-O 5. Bg2 d6 6. Nc3 Nbd7 7. O-O e5 8. b3
c6 9. Bb2 e4 10. Nd2 d5 11. e3 Re8 12. b4 Nf8 13. a4 Bg4 14. Qb3 Qd7 15. a5 Bh3
16. b5 Bxg2 17. Kxg2 Ne6 18. a6 Ng5 19. Rg1 Qh3+ 20. Kh1 Nf3 21. Nxf3 exf3 22.
g4 Nxg4 23. Rxg4 Qxg4 24. Rg1 Qc8 25. bxc6 bxc6 26. cxd5 cxd5 27. Qxd5 Rb8 28.
Ba1 Qh3 29. Nb5 Qe6 30. Nc7 Qxd5 31. Nxd5 Re6 32. h3 Rxa6 33. Kh2 Ra2 34. Kg3
Rb5 35. Nc3 Rg5+ 0-1

[Event "SR 3. liga A2 2011/2012"]
[Site "?"]
[Date "2011.10.30"]
[Round "2.5"]
[White "Strakac, Petr"]
[Black "Ivan, Imrich"]
[Result "0-1"]
[WhiteElo "2100"]
[BlackElo "2057"]
[PlyCount "100"]
[EventDate "2011.??.??"]

1. e4 e6 2. d4 d5 3. Nd2 dxe4 4. Nxe4 Nd7 5. Nf3 Ngf6 6. Ng3 Be7 7. Bd3 O-O 8.
O-O c5 9. c3 cxd4 10. Nxd4 Ne5 11. Bc2 Ng6 12. Qe2 a6 13. Bg5 Qa5 14. Bxf6 Bxf6
15. Nb3 Qc7 16. Ne4 Be7 17. Qh5 Bd7 18. Nd4 Bc6 19. Nxc6 Qxc6 20. Ng5 Bxg5 21.
Qxg5 Rad8 22. Rad1 Qb6 23. b3 f6 24. Qh5 Rxd1 25. Rxd1 Rd8 26. Rxd8+ Qxd8 27.
Qd1 Qxd1+ 28. Bxd1 Kf7 29. Bh5 f5 30. a4 Kf6 31. Bxg6 Kxg6 32. f4 Kf6 33. Kf2
e5 34. fxe5+ Kxe5 35. Ke3 g5 36. b4 f4+ 37. Kd3 g4 38. a5 f3 39. gxf3 gxf3 40.
Ke3 Kd5 41. Kd3 f2 42. c4+ Ke5 43. Ke2 Kd4 44. b5 Kxc4 45. bxa6 bxa6 46. Kxf2
Kb5 47. Ke2 Kxa5 48. Kd3 Kb4 49. Kc2 h5 50. h4 Kc4 0-1

[Event "SR 3. liga A2 2011/2012"]
[Site "?"]
[Date "2011.10.30"]
[Round "2.5"]
[White "Takacs, Laszlo"]
[Black "Brisudova, Veronika"]
[Result "1-0"]
[WhiteElo "1976"]
[BlackElo "1864"]
[PlyCount "131"]
[EventDate "2011.??.??"]

1. e4 {0} c5 2. Nf3 d6 3. d4 cxd4 4. Nxd4 Nf6 5. Nc3 a6 6. Be2 e5 7. Nb3 Be7 8.
O-O O-O 9. Be3 Be6 10. f4 exf4 11. Bxf4 Qb6+ 12. Kh1 Nbd7 13. Qd4 Qxd4 14. Nxd4
Nc5 15. Nxe6 Nxe6 16. Bg3 Rfe8 17. Rad1 Nc5 18. Bf3 Rad8 19. Rfe1 Bf8 20. h3 h6
21. Bh4 g5 22. Bf2 Ncd7 23. Nd5 Nxd5 24. Rxd5 Ne5 25. Red1 Rc8 26. c3 Nxf3 27.
gxf3 Re6 28. Bg3 Rc6 29. a4 Kh7 30. R1d3 Kg6 31. b4 h5 32. Kg2 f6 33. Kf2 g4
34. h4 gxf3 35. Kxf3 Rc4 36. R5d4 Rxd4 37. Rxd4 Be7 38. Rc4 Bd8 39. Rc8 Be7 40.
Rb8 f5 41. exf5+ Kxf5 42. Rxb7 Bf6 43. Rc7 Re4 44. Rc6 Bxh4 45. Rxa6 Bxg3 46.
Kxg3 Ke6 47. b5 Kd7 48. a5 Rc4 49. Ra7+ Kc8 50. b6 Rxc3+ 51. Kh4 Rb3 52. Kxh5
d5 53. Kg4 d4 54. Kf4 Kb8 55. Ke4 d3 56. Ke3 Kc8 57. Rc7+ Kb8 58. Rc5 Kb7 59.
Rd5 Ra3 60. Rb5 Kb8 61. b7 Rc3 62. a6 Ra3 63. Rb6 Ra5 64. Rh6 Ka7 65. Rh8 Rb5
66. Ra8+ 1-0

[Event "SR 3. liga A2 2011/2012"]
[Site "?"]
[Date "2011.10.30"]
[Round "2.5"]
[White "Kubis, Ivan"]
[Black "Feher, Tibor"]
[Result "1-0"]
[WhiteElo "2002"]
[BlackElo "1802"]
[PlyCount "91"]
[EventDate "2011.??.??"]

1. e4 {0} e5 2. Nf3 Nf6 3. d4 exd4 4. e5 Bb4+ 5. c3 dxc3 6. bxc3 Bc5 7. exf6
Qxf6 8. Bg5 Qe6+ 9. Be2 Nc6 10. O-O O-O 11. Re1 f6 12. Nbd2 d5 13. Bh4 Qf7 14.
Nb3 Bb6 15. Rc1 Ne5 16. Bg3 c6 17. Nbd4 Nc4 18. Bd3 Nb2 19. Bxh7+ Kxh7 20. Qc2+
Qg6 21. Qxb2 Bd7 22. Re7 Rad8 23. Ne6 Bxe6 24. Rxe6 Rfe8 25. Rce1 Rxe6 26. Rxe6
Re8 27. Rxe8 Qxe8 28. Qc2+ Kg8 29. Kf1 Qe7 30. Nd4 Qc5 31. Qb3 Qe7 32. Qc2 Qc5
33. Qd2 Ba5 34. Ne2 Qc4 35. Kg1 Qb5 36. h3 Qb1+ 37. Kh2 Qe4 38. f3 Qe7 39. Bf2
Qe5+ 40. g3 a6 41. Bd4 Qf5 42. Kg2 b6 43. g4 Qd7 44. Qd3 c5 45. Bf2 Qb5 46.
Qxd5+ 1-0

[Event "SR 3. liga A2 2011/2012"]
[Site "?"]
[Date "2011.10.30"]
[Round "2.5"]
[White "Szabo, Julius"]
[Black "Hrubsa, Marian"]
[Result "0-1"]
[WhiteElo "1721"]
[BlackElo "1929"]
[PlyCount "64"]
[EventDate "2011.??.??"]

1. e4 {0} e6 2. d4 d5 3. Nc3 Nf6 4. e5 Nfd7 5. Nf3 a6 6. a3 c5 7. Be3 Nc6 8.
Be2 cxd4 9. Bxd4 Qc7 10. O-O Ndxe5 11. Nxe5 Nxe5 12. Re1 Nc6 13. Bf3 Be7 14.
Bxg7 Rg8 15. Bh6 Bd7 16. Qd2 O-O-O 17. b4 Ne5 18. Bd1 Bd6 19. g3 Nc4 20. Qd3
Rg6 21. Bd2 f5 22. Bh5 Rgg8 23. Bf3 Nxd2 24. Qxd2 Be5 25. Nxd5 exd5 26. Rad1
Bc3 27. Qxd5 Bxe1 28. Rxe1 Rge8 29. Rxe8 Rxe8 30. Qd2 Bc6 31. Bh5 Qe5 32. Bxe8
Qa1+ 0-1

[Event "SR 3. liga A2 2011/2012"]
[Site "?"]
[Date "2011.10.30"]
[Round "2.5"]
[White "Vogl, Zdenek"]
[Black "Kahancova, Jana"]
[Result "1/2-1/2"]
[WhiteElo "1928"]
[BlackElo "1670"]
[PlyCount "92"]
[EventDate "2011.??.??"]

1. e4 {0} e5 2. Nf3 Nc6 3. Bb5 a6 4. Ba4 Nf6 5. O-O Be7 6. Re1 b5 7. Bb3 d6 8.
c3 O-O 9. h3 Bb7 10. d4 Qd7 11. Bg5 h6 12. Bh4 Rad8 13. a4 Na7 14. dxe5 Nxe4
15. Bxe7 Qxe7 16. exd6 Qxd6 17. Qxd6 Rxd6 18. Na3 Nc5 19. Bc2 bxa4 20. Re7 Ne6
21. Bxa4 Bc6 22. Nc4 Rdd8 23. Nce5 Bxa4 24. Rxa4 Nc8 25. Rd7 Nc5 26. Rxd8 Nxa4
27. Rd7 Nxb2 28. Rxc7 f6 29. Nc4 Na4 30. Ne3 Nd6 31. c4 Ra8 32. Nd4 a5 33. Ne6
Ne8 34. Rb7 Nc3 35. Nc2 Ra6 36. Re7 Ra8 37. c5 a4 38. Na3 Nd5 39. Rb7 Rc8 40.
Rd7 Ndc7 41. Nd4 Na6 42. c6 Nb8 43. Ra7 Nxc6 44. Nxc6 Rxc6 45. Rxa4 Nc7 46. Nc4
Nd5 1/2-1/2

[Event "SR 3. liga A2 2011/2012"]
[Site "?"]
[Date "2011.10.30"]
[Round "2.5"]
[White "Matus, David"]
[Black "Planka, Peter"]
[Result "0-1"]
[WhiteElo "1710"]
[BlackElo "1831"]
[PlyCount "32"]
[EventDate "2011.??.??"]

1. e4 {0} e5 2. Nf3 Nc6 3. Bc4 Nf6 4. Ng5 d5 5. exd5 Na5 6. Bb5+ c6 7. dxc6
bxc6 8. Ba4 Ng4 9. Qf3 Qxg5 10. Bxc6+ Nxc6 11. Qxc6+ Kd8 12. Qxa8 e4 13. Nc3
Bd6 14. Qd5 Qf4 15. Qd4 Re8 16. d3 exd3+ 0-1

[Event "SR 3. liga A2 2011/2012"]
[Site "?"]
[Date "2011.10.30"]
[Round "2.5"]
[White "Berger, Patrik"]
[Black "Csoltko, Fridrich"]
[Result "1-0"]
[WhiteElo "1731"]
[BlackElo "1315"]
[PlyCount "63"]
[EventDate "2011.??.??"]

1. e4 {0} e5 {0} 2. Nf3 Nc6 3. Bc4 Bc5 4. c3 Nf6 5. d4 exd4 6. cxd4 Bb6 7. Nc3
O-O 8. O-O Re8 9. e5 d5 10. Bb3 Nh5 11. Ng5 g6 12. Bxd5 Rf8 13. e6 Nf6 14. Nxf7
Qe7 15. Bxc6 bxc6 16. Re1 Bxe6 17. Ng5 Ng4 18. Qxg4 Qf6 19. Qxe6+ Qxe6 20. Nxe6
Rae8 21. Bd2 Rf6 22. Nc5 Rd8 23. Bg5 Rxd4 24. Bxf6 Rf4 25. N5e4 Ba5 26. Rad1
Bxc3 27. bxc3 g5 28. Rd7 Rf5 29. Rg7+ Kf8 30. Rd1 Rxf6 31. Nxf6 Kxg7 32. Ne4
1-0

[Event "SR 3. liga A2 2011/2012"]
[Site "?"]
[Date "2011.10.30"]
[Round "2.6"]
[White "Darazs, Zoltan"]
[Black "Sosna, Jan"]
[Result "0-1"]
[WhiteElo "2127"]
[BlackElo "2398"]
[PlyCount "72"]
[EventDate "2011.??.??"]

1. e4 e5 2. Nf3 Nc6 3. Bb5 Nf6 4. O-O Nxe4 5. d4 Nd6 6. Bxc6 dxc6 7. dxe5 Nf5
8. Qxd8+ Kxd8 9. Nc3 Ke8 10. b3 Ne7 11. Bb2 Bg4 12. Nd4 Rd8 13. Ne4 Nf5 14.
Nxf5 Bxf5 15. Rfe1 h5 16. Rac1 h4 17. h3 Rh6 18. Kf1 a5 19. Re2 Rg6 20. Rce1 a4
21. Bc3 c5 22. Rd2 Rxd2 23. Bxd2 axb3 24. axb3 Be7 25. Bf4 Kd7 26. c4 Rb6 27.
Nd2 g5 28. Be3 Bc2 29. Rc1 Bxb3 30. Rc3 Ba4 31. Ne4 Rb1+ 32. Ke2 Rb2+ 33. Kf1
Rc2 34. Rd3+ Ke6 35. Bxc5 Rxc4 36. Bxe7 Rxe4 0-1

[Event "SR 3. liga A2 2011/2012"]
[Site "?"]
[Date "2011.10.30"]
[Round "2.6"]
[White "Gasa, Andrej"]
[Black "Marosi, Csaba"]
[Result "1-0"]
[WhiteElo "2257"]
[BlackElo "1993"]
[PlyCount "81"]
[EventDate "2011.??.??"]

1. e4 c5 2. Nf3 e6 3. d4 cxd4 4. Nxd4 Qb6 5. Nb3 a6 6. g3 Qc7 7. Bg2 b5 8. Bf4
Qb6 9. Qd2 d6 10. O-O e5 11. Be3 Qc7 12. Nc3 Nf6 13. a4 bxa4 14. Nxa4 Nbd7 15.
Na5 Be7 16. b3 O-O 17. Nc4 Bb7 18. Qd3 Nc5 19. Nxc5 dxc5 20. Bd2 Rad8 21. Qe2
Qb8 22. Ba5 Rd7 23. Bh3 Rd4 24. f3 Bc8 25. Bxc8 Qxc8 26. Bc3 Qe6 27. Bxd4 exd4
28. Nb2 Ra8 29. Qc4 Qd6 30. Ra5 Nd7 31. Rfa1 Ne5 32. Qe2 d3 33. Nxd3 Nc6 34.
Rxa6 Qd4+ 35. Kg2 Qxa1 36. Rxa1 Rxa1 37. Nxc5 Ra2 38. Qc4 Nd4 39. Qxd4 Rxc2+
40. Kh1 Rxc5 41. Qd7 1-0

[Event "SR 3. liga A2 2011/2012"]
[Site "?"]
[Date "2011.10.30"]
[Round "2.6"]
[White "Meszaros, Lorant"]
[Black "Sebesta, Radovan"]
[Result "0-1"]
[WhiteElo "2053"]
[BlackElo "2069"]
[PlyCount "70"]
[EventDate "2011.??.??"]

1. d4 Nf6 2. c4 e6 3. g3 d5 4. Nf3 Be7 5. Bg2 O-O 6. O-O c6 7. Qc2 Nbd7 8. Nbd2
b6 9. e4 dxc4 10. Nxc4 Ba6 11. Rd1 Rc8 12. b3 Re8 13. Bf4 Nf8 14. Nfe5 Bb7 15.
Qe2 Ba6 16. Qf3 Ng6 17. Nxg6 hxg6 18. Ne5 Rf8 19. Bh3 Qe8 20. Rac1 Bb7 21. Bg5
c5 22. d5 Nxd5 23. Bxe7 Nxe7 24. Nd7 Nc6 25. Nxf8 Kxf8 26. e5 Ba6 27. Qc3 Nd4
28. Bg4 Bb7 29. Rxd4 cxd4 30. Qb4+ Kg8 31. Rxc8 Qxc8 32. Qxd4 Qc1+ 33. Bd1 Bf3
34. Qd8+ Kh7 35. Qh4+ Bh5 0-1

[Event "SR 3. liga A2 2011/2012"]
[Site "?"]
[Date "2011.10.30"]
[Round "2.6"]
[White "Palka, Miroslav"]
[Black "Szitasi, Janos"]
[Result "1/2-1/2"]
[WhiteElo "1953"]
[BlackElo "1996"]
[PlyCount "109"]
[EventDate "2011.??.??"]

1. c4 c5 2. Nc3 Nc6 3. g3 g6 4. Bg2 Bg7 5. e4 d6 6. Nge2 e6 7. d3 Nge7 8. Be3
Nd4 9. Qd2 Nec6 10. O-O Nxe2+ 11. Nxe2 Qb6 12. Rab1 Qb4 13. Nc3 Ne5 14. h3 Qa5
15. f4 Nc6 16. Nb5 Qxd2 17. Bxd2 Ke7 18. a3 Nd4 19. Nxd4 Bxd4+ 20. Kh2 a5 21.
Bc3 Bf6 22. e5 dxe5 23. fxe5 Bg7 24. d4 cxd4 25. Bxd4 Rd8 26. Bc5+ Ke8 27. Bd6
Bf8 28. c5 Ra6 29. Rf2 f5 30. Bf1 Ra8 31. Rd2 Bd7 32. Bc4 Bh6 33. Rd4 Be3 34.
Rd3 f4 35. Rbd1 Rac8 36. b4 axb4 37. axb4 b5 38. Bb3 g5 39. Rf1 fxg3+ 40. Kxg3
Bf4+ 41. Kg4 Kf7 42. h4 h6 43. hxg5 hxg5 44. Rh1 Rh8 45. Rdh3 Kg7 46. Rxh8 Rxh8
47. Rxh8 Kxh8 48. c6 Bxc6 49. Bxe6 Kg7 50. Kf5 Bg2 51. Kg4 Bc6 52. Bf5 Bd5 53.
Bd3 Be6+ 54. Bf5 Kf7 55. Bc7 1/2-1/2

[Event "SR 3. liga A2 2011/2012"]
[Site "?"]
[Date "2011.10.30"]
[Round "2.6"]
[White "Kalmar, Tamas"]
[Black "Lanik, Miroslav"]
[Result "1/2-1/2"]
[WhiteElo "1842"]
[BlackElo "1936"]
[PlyCount "80"]
[EventDate "2011.??.??"]

1. d4 d5 2. c4 e6 3. Nc3 c6 4. Nf3 Nf6 5. Bg5 Nbd7 6. e3 Qa5 7. Bxf6 Nxf6 8. a3
Bd6 9. Bd3 dxc4 10. Bxc4 O-O 11. O-O Re8 12. Qd2 Qc7 13. Rfd1 b5 14. Bd3 Bb7
15. Rac1 Qe7 16. Ne4 Nxe4 17. Bxe4 Rac8 18. Rc2 c5 19. Bxb7 Qxb7 20. dxc5 Rxc5
21. Rxc5 Bxc5 22. Qd7 Qxd7 23. Rxd7 Rc8 24. Kf1 f6 25. Ke2 Bb6 26. h3 Rc2+ 27.
Rd2 Rc7 28. Ne1 Kf7 29. Rc2 Rd7 30. Nd3 Ke7 31. Nb4 Rd6 32. Nd3 Rd7 33. Nb4 Rd6
34. Rc6 Rd7 35. Rc3 Rd6 36. Rd3 Bc5 37. Rxd6 Kxd6 38. Nc2 Kd5 39. Kd3 a5 40. f3
e5 1/2-1/2

[Event "SR 3. liga A2 2011/2012"]
[Site "?"]
[Date "2011.10.30"]
[Round "2.6"]
[White "Palka, Martin"]
[Black "Szekely, Stefan"]
[Result "1/2-1/2"]
[WhiteElo "1876"]
[BlackElo "1931"]
[PlyCount "22"]
[EventDate "2011.??.??"]

1. e4 d6 2. d4 Nf6 3. Nc3 g6 4. Be3 Bg7 5. f3 c6 6. Qd2 h5 7. O-O-O b5 8. Kb1
d5 9. e5 Nfd7 10. Bd3 Nf8 11. Nce2 Nbd7 1/2-1/2

[Event "SR 3. liga A2 2011/2012"]
[Site "?"]
[Date "2011.10.30"]
[Round "2.6"]
[White "Both, Lajos"]
[Black "Gasa, Patrik"]
[Result "1/2-1/2"]
[WhiteElo "1822"]
[BlackElo "1727"]
[PlyCount "180"]
[EventDate "2011.??.??"]

1. e4 c5 2. c3 Nf6 3. e5 Nd5 4. d4 cxd4 5. Nf3 Nc6 6. cxd4 e6 7. Bc4 Bb4+ 8.
Bd2 Bxd2+ 9. Qxd2 Nb6 10. Bb3 O-O 11. O-O d6 12. Rd1 Qe7 13. Nc3 Rd8 14. Qe3
Na5 15. Ne4 Nxb3 16. Qxb3 d5 17. Nd6 Bd7 18. Qd3 Bc6 19. Rac1 Nc8 20. Nxc8
Raxc8 21. Rc3 Bd7 22. Rdc1 a6 23. Qe3 h6 24. h3 Qe8 25. Nh2 Rxc3 26. Rxc3 Rc8
27. Ng4 Rxc3 28. Qxc3 Qc8 29. Qxc8+ Bxc8 30. Kf1 Bd7 31. Ke2 Kf8 32. Kd3 a5 33.
Kc3 Ke8 34. f4 Ke7 35. Ne3 f6 36. exf6+ Kxf6 37. g4 g5 38. f5 exf5 39. Nxd5+
Ke6 40. Ne3 fxg4 41. hxg4 Kd6 42. b4 axb4+ 43. Kxb4 b6 44. a3 b5 45. Kc3 Be6
46. Kd3 Ba2 47. Nf5+ Ke6 48. Nxh6 Bb1+ 49. Ke3 Bg6 50. Kd2 Kf6 51. Ke3 Bh7 52.
Kd2 Kg7 53. d5 Kf6 54. Ke3 Ke5 55. Nf7+ Kxd5 56. Nxg5 Bg6 57. Nf3 Be8 58. Kd3
Bg6+ 59. Kc3 Ke4 60. Nd4 Kf4 61. Nxb5 Kxg4 62. a4 Be4 63. Kd4 Kf4 64. a5 Bg2
65. Kc5 Ke5 66. Kb6 Ke6 67. Kc7 Kd5 68. a6 Kc5 69. Nd6 Ba8 70. a7 Kd5 71. Nb7
Ke6 72. Kc8 Ke7 73. Kc7 Ke6 74. Nd8+ Ke7 75. Nc6+ Ke8 76. Nb4 Ke7 77. Nd3 Ke6
78. Nb2 Kd5 79. Na4 Kd4 80. Nb6 Bg2 81. Nc8 Kc5 82. Nd6 Ba8 83. Nc8 Kb5 84. Kb8
Bg2 85. Nd6+ Ka6 86. Nc4 Bh1 87. Nd6 Bg2 88. Ne8 Kb6 89. Nc7 Bf3 90. Ne6 Bh1
1/2-1/2

[Event "SR 3. liga A2 2011/2012"]
[Site "?"]
[Date "2011.10.30"]
[Round "2.6"]
[White "Zisek, Jaroslav"]
[Black "Mezei, Tibor"]
[Result "1-0"]
[WhiteElo "1860"]
[BlackElo "1628"]
[PlyCount "89"]
[EventDate "2011.??.??"]

1. c4 e6 2. Nc3 Nf6 3. Nf3 c6 4. e4 d6 5. d4 Nbd7 6. h3 Qc7 7. Bf4 e5 8. Bh2 a6
9. Be2 Be7 10. O-O O-O 11. Qc2 exd4 12. Nxd4 Nc5 13. Nf5 Nfxe4 14. Nxg7 Kxg7
15. Nxe4 Nxe4 16. Qxe4 Bf6 17. Bd3 Rh8 18. Rae1 Be6 19. Re3 Kf8 20. Qf3 Ke7 21.
Qe2 Qb6 22. b3 Bd4 23. Re4 d5 24. Rh4 h6 25. Bf4 Bf6 26. Rxh6 Rxh6 27. Bxh6 Rg8
28. Be3 Qc7 29. Kh1 Kd7 30. f4 Kd8 31. f5 Bd7 32. Bf4 Qa5 33. cxd5 Qxd5 34. Bc4
Qd4 35. Be3 Qc3 36. Rc1 Qa5 37. Bxf7 Rg7 38. Be6 Bxe6 39. fxe6 Qf5 40. Bb6+ Kc8
41. Rf1 Qg6 42. Qf2 Be7 43. Qd2 Qe8 44. Qf4 Ba3 45. Rd1 1-0

[Event "SR 3. liga A2 2011/2012"]
[Site "?"]
[Date "2011.11.13"]
[Round "3.1"]
[White "Horak, Ivan"]
[Black "Sturdik, Igor"]
[Result "0-1"]
[WhiteElo "2073"]
[BlackElo "2067"]
[PlyCount "86"]
[EventDate "2011.??.??"]

1. e4 Nf6 2. Nc3 d5 3. exd5 Nxd5 4. Bc4 e6 5. Nge2 Be7 6. O-O O-O 7. d4 Nxc3 8.
bxc3 Nd7 9. Ng3 Nf6 10. Qf3 Rb8 11. Re1 b6 12. Bd2 Bb7 13. Qe2 Re8 14. Rad1 h6
15. Bb5 Qd5 16. Qf1 Bc6 17. c4 Bxb5 18. cxb5 Qxa2 19. c4 a5 20. Qd3 Qa3 21. Qc2
Qd6 22. Bc3 Rbc8 23. d5 exd5 24. Nf5 Qd7 25. Rxe7 Rxe7 26. Bxf6 gxf6 27. Qd3
Kf8 28. Qh3 Ke8 29. Ng7+ Kd8 30. Qxh6 c6 31. Qxf6 Kc7 32. bxc6 Qd6 33. Qxd6+
Kxd6 34. Nf5+ Ke6 35. Nxe7 Kxe7 36. cxd5 Kd6 37. g4 b5 38. Kg2 a4 39. Kf3 b4
40. Ke4 b3 41. Rb1 Rb8 42. c7 Kxc7 43. Kd3 a3 0-1

[Event "SR 3. liga A2 2011/2012"]
[Site "?"]
[Date "2011.11.13"]
[Round "3.1"]
[White "Bahna, Jan"]
[Black "Kovarik, Oto"]
[Result "0-1"]
[WhiteElo "1977"]
[BlackElo "2018"]
[PlyCount "90"]
[EventDate "2011.??.??"]

1. e4 c5 2. Nc3 Nc6 3. g3 g6 4. Bg2 Bg7 5. d3 e6 6. Be3 d6 7. Qd2 Bd7 8. Nh3
Nd4 9. Nd1 h5 10. c3 Nc6 11. f4 Nh6 12. Ndf2 Rb8 13. Ng5 Ng4 14. Nxg4 hxg4 15.
e5 dxe5 16. Bxc5 exf4 17. Qxf4 f5 18. h4 gxh3 19. Nxh3 e5 20. Qf2 Qf6 21. O-O-O
b6 22. Ba3 Ne7 23. Rhe1 O-O 24. Kb1 Be6 25. Qe3 Rfe8 26. Qg5 Rbd8 27. c4 Rc8
28. b3 Bf7 29. Bb2 Nc6 30. Rd2 Qxg5 31. Nxg5 Bh6 32. Nxf7 Bxd2 33. Re2 Kxf7 34.
Rxd2 Nd4 35. Bd5+ Kf6 36. Rf2 Rh8 37. g4 Rh4 38. Bxd4 exd4 39. gxf5 gxf5 40.
Be4 f4 41. Kc2 Rch8 42. b4 Rh2 43. Rxh2 Rxh2+ 44. Kb3 Re2 45. Bf3 Re3 0-1

[Event "SR 3. liga A2 2011/2012"]
[Site "?"]
[Date "2011.11.13"]
[Round "3.1"]
[White "Sefcik, Marek"]
[Black "Krist, Milan"]
[Result "1-0"]
[WhiteElo "2016"]
[BlackElo "1990"]
[PlyCount "65"]
[EventDate "2011.??.??"]

1. d4 d5 2. Nf3 Nf6 3. Bf4 e6 4. e3 c5 5. c3 Nc6 6. Bd3 cxd4 7. exd4 Bd6 8. Ne5
O-O 9. Nd2 Ne7 10. O-O a6 11. Re1 b5 12. a3 Bb7 13. Qf3 Ng6 14. Bg5 Be7 15. Qh3
Ne4 16. Nxg6 Bxg5 17. Nxf8 Bxd2 18. Nxe6 fxe6 19. Qxe6+ Kh8 20. Re2 Bf4 21. Qf7
Qc7 22. Qxc7 Bxc7 23. f3 Nd6 24. Re7 Rc8 25. Rae1 Kg8 26. R1e6 Nc4 27. Bf5 Ba8
28. Re2 Rf8 29. Be6+ Kh8 30. Rxc7 h6 31. Rc8 Rxc8 32. Bxc8 g6 33. Bxa6 1-0

[Event "SR 3. liga A2 2011/2012"]
[Site "?"]
[Date "2011.11.13"]
[Round "3.1"]
[White "Mosny, Jaroslav"]
[Black "Chabada, Tomas"]
[Result "1-0"]
[WhiteElo "1941"]
[BlackElo "1914"]
[PlyCount "83"]
[EventDate "2011.??.??"]

1. d4 Nf6 2. Nf3 g6 3. g3 Bg7 4. Bg2 O-O 5. O-O d5 6. c4 c6 7. cxd5 cxd5 8. Nc3
Nc6 9. Bg5 Ne4 10. Bf4 Qa5 11. Qb3 Bg4 12. Rfd1 Bxf3 13. exf3 Nxc3 14. bxc3 b6
15. Bf1 Rac8 16. Rac1 Rfd8 17. Bh3 e6 18. Bf1 Bf8 19. Re1 Ba3 20. Rcd1 a6 21.
Re3 Bd6 22. Bxd6 Rxd6 23. f4 b5 24. g4 Qc7 25. Rde1 Na5 26. Qc2 Rc6 27. f5 exf5
28. gxf5 Rxc3 29. Re8+ Rxe8 30. Rxe8+ Kg7 31. Qd2 Nb7 32. fxg6 hxg6 33. Qg5 Qc6
34. Qe5+ f6 35. Qe7+ Kh6 36. Rh8+ Kg5 37. Qh7 Rc1 38. Qh6+ Kf5 39. Qh3+ Kg5 40.
Qe3+ Kf5 41. Qh3+ Kg5 42. f4+ 1-0

[Event "SR 3. liga A2 2011/2012"]
[Site "?"]
[Date "2011.11.13"]
[Round "3.1"]
[White "Bilovsky, Milan"]
[Black "Puskas, Miroslav"]
[Result "1-0"]
[WhiteElo "1891"]
[BlackElo "1948"]
[PlyCount "107"]
[EventDate "2011.??.??"]

1. c4 g6 2. d4 Bg7 3. Nc3 Nc6 4. d5 Ne5 5. e4 d6 6. f4 Nd7 7. Nf3 c6 8. Be3 e5
9. dxc6 bxc6 10. Qxd6 exf4 11. Bxf4 Qf6 12. Rd1 Ne7 13. Be2 O-O 14. O-O Qxd6
15. Bxd6 Re8 16. c5 Bxc3 17. bxc3 Nf5 18. exf5 Rxe2 19. fxg6 hxg6 20. Nd4 Rxa2
21. Nxc6 Kg7 22. Nd8 f6 23. Rde1 Ne5 24. Be7 Bf5 25. g3 Rd2 26. Rd1 Rc2 27. Rd6
Ng4 28. Ne6+ Bxe6 29. Rxe6 Kf7 30. Re4 f5 31. Rxg4 Kxe7 32. Rxg6 Rh8 33. h4
Rxc3 34. Rxf5 Rc8 35. Kh2 a5 36. h5 R8xc5 37. Rxc5 Rxc5 38. g4 Kf7 39. Kh3 a4
40. Ra6 Rc3+ 41. Kh4 a3 42. h6 Kg8 43. Kh5 Kh7 44. Ra7+ Kh8 45. Ra5 Kh7 46. g5
Rh3+ 47. Kg4 Rb3 48. Ra7+ Kh8 49. g6 Rb8 50. Rxa3 Kg8 51. Re3 Kf8 52. Kg5 Rb5+
53. Kf6 Rb6+ 54. Re6 1-0

[Event "SR 3. liga A2 2011/2012"]
[Site "?"]
[Date "2011.11.13"]
[Round "3.1"]
[White "Hagara, Vladimir"]
[Black "Vach, Jozef"]
[Result "1-0"]
[WhiteElo "1927"]
[BlackElo "1861"]
[PlyCount "129"]
[EventDate "2011.??.??"]

1. d4 Nf6 2. c4 e6 3. Nc3 Bb4 4. Bd2 O-O 5. Nf3 d5 6. e3 c6 7. Rc1 Nbd7 8. Bd3
dxc4 9. Bxc4 b5 10. Be2 a6 11. a3 Be7 12. O-O Bb7 13. Qc2 Rc8 14. b4 Nd5 15. e4
N5b6 16. Rfd1 Nf6 17. Qb3 h6 18. h3 Nbd7 19. Be3 Re8 20. Bd3 Bf8 21. Qb1 Kh8
22. Bf4 Nh5 23. Be3 Nhf6 24. Bc2 Nb6 25. Bd3 Nbd7 26. Qb3 Qe7 27. e5 Nd5 28.
Bd2 Nxc3 29. Bxc3 Nb6 30. Nd2 Qd7 31. Ne4 Na4 32. Nc5 Nxc5 33. dxc5 Qe7 34. Qc2
Red8 35. Qe2 Rd5 36. Be4 Rxd1+ 37. Rxd1 Qc7 38. Qd3 g6 39. f4 Kg7 40. g4 Be7
41. Qd7 Kg8 42. Kg2 Kf8 43. Kf3 Qxd7 44. Rxd7 Rb8 45. Kg3 Ke8 46. Rd1 Rd8 47.
Rd2 Rxd2 48. Bxd2 g5 49. f5 f6 50. Bc3 fxe5 51. Bxe5 Kf7 52. fxe6+ Kf8 53. Kf3
Bd8 54. Bd6+ Be7 55. Be5 Kg8 56. Ke3 Kf8 57. Kd4 Ke8 58. Bg6+ Kf8 59. Bd6 Kg7
60. Be8 Kf6 61. Bd7 Bd8 62. Bf8 Be7 63. Bxe7+ Kxe7 64. Ke5 Ba8 65. Bc8 1-0